2012 NCAA Lacrosse National Tournament - Statistics

General Stats
  • This quiz has been taken 588 times
    587 since last reset
  • The average score is 8 of 16
Answer Stats
Hint Answer % Correct
#3 Duke
83%
Ivy League Winner Yale
78%
Unranked Maryland
75%
Big East League winner Syracuse
74%
#8 North Carolina
69%
#5 Virginia
67%
#2 Johns Hopkins
64%
#1 Loyola
64%
#4 Notre Dame
56%
Unranked Denver
53%
Unranked Princeton
48%
Patriot League Winner Colgate
29%
#6 Massachusetts
26%
#7 Lehigh
24%
American East Winner Stony Brook
20%
MAAC League Winner Canisius
12%
No matching quizzes found
Score Distribution
Percent of People with Each Score
Percentile by Number Answered
Your Score History
You have not taken this quiz since the last reset